000
00249nam a22000977a 4500
003
SGT
245
_a
International Journal of Oral Health Dentistry
260
_b
Innovative Publisher
_c
2015,2017,2019,2020
300
_a
210,240,240,320
942
_2
ddc
_c
BV
999
_c
30237
_d
30237